• 首页
  • 本馆介绍
  • 公告通知
  • 最新文献
  • 馆藏检索
  • 电子资源
  • 读者导购
  • 参考咨询
  • 我的图书馆
  • 登录
  • 详细信息显示
  • 放入我的书架
  • 预约/预借图书
  • 作者相关作品
  • 分类相关作品
  • 丛书相关作品
  • 出版社相关作品

书目信息

  • 表格格式
  • 工作单格式
  • 卡片格式
题名:
嗓音医学
    
 
作者: 韩德民 , 萨达洛夫 , 徐文 主编
分册:  
出版信息: 北京   人民卫生出版社  2017.10
页数: 35,508页
开本: 29cm
丛书名:
单 册:
中图分类: R767.92
科图分类:
主题词: 嗓音医学
电子资源:
ISBN: 978-7-117-24891-4
000 01005nam0 2200301 450
001 003556780
005 20201110150333.77
010    @a978-7-117-24891-4@b精装@dCNY368.00
100    @a20180110d2017 em y0chiy50 ea
101 0  @achi
102    @aCN@b110000
105    @aa z 001yy
106    @ar
200 1  @a嗓音医学@9sang yin yi xue@dVoice medicine@f韩德民,Robert T. Sataloff,徐文主编@zeng
205    @a2版
210    @a北京@c人民卫生出版社@d2017.10
215    @a35,508页@c图@d29cm
300    @a中国医药学术原创精品图书出版工程
330    @a本书分七篇,主要包括:嗓音医学基础、发音生理、嗓音功能评价、嗓音疾病、嗓音疾病治疗、言语病理学、吞咽障碍。
333    @a嗓音医学专业人员
510 1  @aVoice medicine@zeng
606 0  @a嗓音医学
690    @aR767.92@v5
701  0 @a韩德民@9han de min@4主编
701  0 @c(美)@a萨达洛夫@9sa da luo fu@c(Sataloff, Robert T.)@4主编
701  0 @a徐文@9xu wen@4主编
801  0 @aCN@b人天书店@c20180110
905    @b1298370-71@dR767.92@e8=2@f2
    
    嗓音医学=Voice medicine/韩德民,Robert T. Sataloff,徐文主编.-2版.-北京:人民卫生出版社,2017.10
    35,508页:图;29cm
    中国医药学术原创精品图书出版工程.-使用对象:嗓音医学专业人员
    
    ISBN 978-7-117-24891-4(精装):CNY368.00
    本书分七篇,主要包括:嗓音医学基础、发音生理、嗓音功能评价、嗓音疾病、嗓音疾病治疗、言语病理学、吞咽障碍。
●
相关链接 在E读中查询图书 在五车中查询图书 在当当中查询图书 在豆瓣中查询图书


正题名:嗓音医学     索取号:R767.92/8=2         预约/预借

序号 登录号 条形码 馆藏地/架位号 状态 备注
1 1298370   212983707   第二样本阅览室/ [索取号:R767.92/8=2] 在馆    
2 1298371   212983716   第三借阅区/ [索取号:R767.92/8=2] 在馆    
唐山师范学院图书馆 欢迎您!
大连网信软件有限公司© 版权所有